Pasado y porvenir para el hombre actual

Tallennettuna:
Bibliografiset tiedot
Aineistotyyppi: Kirja
Kieli:espanja
Julkaistu: Madrid Revista de Occidente 1962
Sarja:Obras Inéditas
Aiheet:
Tagit: Lisää tagi
Ei tageja, Lisää ensimmäinen tagi!

MARC

LEADER 00000nam a2200000 a 4500
001 UCZ3791
003 CL-VaPUC
008 951027e19620000SP |||||||||||||||||spa|d
082 0 4 |a 196.1  |b ORT  |2 21 
245 1 0 |a Pasado y porvenir para el hombre actual 
300 |a 248 p 
942 |c BK 
945 |d 19951027 00:00:00  |a cmena 
260 |a Madrid  |b Revista de Occidente  |c 1962 
600 0 7 |a PLATON  |2 CL-VaPUC  |9 222 
650 0 |a Filosofía española   |9 254895 
650 0 |a Mitología   |9 255719 
650 0 |a Cosmología  |9 269138 
650 7 |a SER  |2 CL-VaPUC  |9 320176 
650 7 |a HOMBRE  |2 CL-VaPUC  |9 262149 
583 |a last modification  |c 19951027 00:00:00  |k Rodrigo Vera 
490 0 |a Obras Inéditas 
999 |c 240239  |d 240237 
952 |0 0  |1 0  |4 0  |6 196_100000000000000_ORT_1962  |7 0  |8 P  |9 251980  |a BIBEDU  |b BIBEDU  |c BIBEDU_PB  |d 2019-11-18  |i 1588974  |o 196.1 ORT 1962  |p 1588974  |r 2024-01-25  |w 2019-11-18  |y BK  |k FIL 
952 |0 0  |1 0  |4 0  |6 196_100000000000000_ORT_1962  |7 0  |8 P  |9 251981  |a BIBEDU  |b BIBEDU  |c BIBEDU_PB  |d 2019-11-18  |i 3146960  |o 196.1 ORT 1962  |p 3146960  |r 2024-01-25  |w 2019-11-18  |y BK  |k EDU